Colón, sus cronistas e historiadores en Menéndez Pelayo / (Record no. 38502)

MARC details
000 -LEADER
campo de control de longitud fija 00726nam a2200217 i 4500
001 - NÚMERO DE CONTROL
campo de control 38502
003 - IDENTIFICADOR DE NÚMERO DE CONTROL
campo de control ES-MaACL
005 - FECHA Y HORA DE LA ÚLTIMA TRANSACCIÓN
campo de control 20231226211712.0
007 - CAMPO FIJO DE DESCRIPCIÓN FÍSICA--INFORMACIÓN GENERAL
campo de control de longitud fija t|
008 - DATOS DE LONGITUD FIJA--INFORMACIÓN GENERAL
campo de control de longitud fija 030225s1957 sp |||| | spa d
100 1# - ENTRADA PRINCIPAL--NOMBRE DE PERSONA
Nombre de persona Calderón Quijano, José Antonio.
9 (RLIN) 33626
245 10 - MENCIÓN DEL TÍTULO
Título Colón, sus cronistas e historiadores en Menéndez Pelayo /
Mención de responsabilidad, etc. José Antonio Calderón Quijano.
260 ## - PUBLICACIÓN, DISTRIBUCIÓN, ETC.
Lugar de publicación, distribución, etc. Sevilla :
Nombre del editor, distribuidor, etc. [G.E.H.A.],
Fecha de publicación, distribución, etc. 1957.
300 ## - DESCRIPCIÓN FÍSICA
Extensión 55 p. ;
Dimensiones 24 cm.
600 14 - PUNTO DE ACCESO ADICIONAL DE MATERIA--NOMBRE DE PERSONA
Nombre de persona Colón, Cristóbal.
9 (RLIN) 39869
651 #4 - PUNTO DE ACCESO ADICIONAL DE MATERIA--NOMBRE GEOGRÁFICO
Nombre geográfico América-
Subdivisión general Descubrimientos y exploraciones-
-- Españoles-
Subdivisión de forma Fuentes.
9 (RLIN) 162837
700 1# - ENTRADA AGREGADA--NOMBRE PERSONAL
Nombre de persona Menéndez y Pelayo, Marcelino,
9 (RLIN) 80332
Fechas asociadas al nombre 1856-1912
852 ## - LOCALIZACIÓN
Ubicación ES-MaACL
Número de control de estantería 1980-F-25
942 ## - ELEMENTOS DE ENTRADA SECUNDARIOS (KOHA)
Fuente del sistema de clasificación o colocación Clasificación decimal universal
Holdings
Estatus retirado Estado de pérdida Estado de daño No para préstamo Colección Biblioteca de origen Biblioteca actual Ubicación en estantería Fecha de adquisición Fuente de adquisición Total de préstamos Signatura topográfica completa Código de barras Visto por última vez Precio de reemplazo Tipo de ítem Koha
        Colección de folletos Biblioteca del Ateneo de Madrid Biblioteca del Ateneo de Madrid Depósito folletos 17/01/2008     1980-F-25 1040536 23/02/2023 23/02/2023 Folleto